| 000 | 00363nam a2200145Ia 4500 | ||
|---|---|---|---|
| 005 | 20251222143230.0 | ||
| 008 | 251222s9999||||xx |||||||||||||| ||spa|| | ||
| 020 | _a99905-800-7-3 | ||
| 082 | _a704.947.85/G49 | ||
| 100 | _aGisbert, Teresa | ||
| 245 | 0 | _aIconografía y Mitos Indígenas en el Arte | |
| 250 | _a3a.ed. | ||
| 264 | _bGisbert y Cía | ||
| 942 | _cLIB | ||
| 999 |
_c14141 _d14141 |
||